Štúdium termooxidačnej stability butadién-styrénového kaučuku

Na minha lista:
Detalhes bibliográficos
Autor principal: Černá, Andrea
Formato: Livro
Idioma:eslovaco
Publicado em: Bratislava STU FCHPT 2010
Acesso em linha:View in OPAC
Tags: Adicionar Tag
Sem tags, seja o primeiro a adicionar uma tag!

MARC

LEADER 00000nam a2200000 a 4500
005 20260127134315.0
008 100624 2010 xo 000 0 slo d
035 |a vtls010108969 
039 9 |y 201006241219  |z mschk03 
040 |a STUSCHK1  |b slo  |c STUSCHK1  |e AACR2 
100 1 |a Černá, Andrea 
245 1 |a Štúdium termooxidačnej stability butadién-styrénového kaučuku  |c Andrea Černá 
260 |a Bratislava  |b STU FCHPT  |c 2010 
300 |a 51 s.  |b il.  |c 30cm 
500 |a Obháj.: 7.6. 2010 
500 |a Študijný program: technická chémia 
500 |a Kombinácia študijných odborov: 4.1.14 chémia, 5.2.18 chemické technológie 
500 |a Miesto vypracovania: Oddelenie fyzikálnej chémie, FCHPT STU 
500 |a Evidenčné číslo: FCHPT-5459-27638 
910 |a SCHK95 
999 |c 9401  |d 9401